| 000 | 00617cam a22002293a 4500 | ||
|---|---|---|---|
| 001 | 18559 | ||
| 003 | PGUSA | ||
| 005 | 20140828083408.0 | ||
| 008 | 060611s2006||||xxu|||||s|||||000 | eng d | ||
| 040 |
_aPGUSA _beng |
||
| 042 | _adc | ||
| 050 | 4 | _aRJ | |
| 100 | 1 |
_aHutchinson, Woods, _d1862-1930 |
|
| 245 | 1 | 4 |
_aThe Child's Day _h[electronic resource] / _cWoods Hutchinson |
| 260 |
_bProject Gutenberg, _c2006 |
||
| 506 | _aPublic domain in the USA. | ||
| 516 | _aElectronic text | ||
| 653 | _aChild care | ||
| 830 | 0 |
_aProject Gutenberg _v18559 |
|
| 856 | 4 | 0 | _uhttp://www.gutenberg.org/ebooks/18559 |
| 942 | _cEB | ||
| 999 |
_c247814 _d247814 |
||